[Event "Let's Play Chess!"]
[Site "http://www.queenalice.com/game.php?id=500672"]
[Date "2008.11.30"]
[Round "-"]
[White "Fubangas"]
[Black "basti822"]
[Result "1-0"]
[WhiteElo "1500"]
[BlackElo "1639"]

1. e4 g6 2. d4 c5 3. Nf3 Bg7 4. Bg5 Qa5+ 5. Nc3 Nc6 6. Be3 d6 7. Bb5 Bd7 8. Qd3
Nb4 9. Bxd7+ Kxd7 10. Qd2 e5 11. dxc5 Qc7 12. Nd5 Nxd5 13. Qxd5 Ne7 14. Qxf7
Rhg8 15. cxd6 Qxd6 16. Rd1 1-0

[Event "Let's Play!"]
[Site "http://www.queenalice.com/game.php?id=504845"]
[Date "2008.12.8"]
[Round "-"]
[White "therota2"]
[Black "Fubangas"]
[Result "0-1"]
[WhiteElo "1564"]
[BlackElo "1843"]

1. d4 d5 2. Nc3 Nf6 3. Nf3 Nc6 4. e3 g6 5. g3 Bg7 6. Bd3 O-O 7. h4 Bg4 8. b3 e5
9. Ba3 Re8 10. Qb1 Bxf3 11. Rf1 exd4 12. Nb5 dxe3 13. fxe3 Rxe3+ 14. Kd2 Ng4 15.
Nc3 Bxc3+ 16. Kxc3 Qf6+ 17. Kd2 Rae8 18. Bc5 Re2+ 19. Bxe2 Rxe2+ 20. Kc1 Qc3 21.
b4 b6 22. Bg1 Nxb4 23. a3 Nxc2 0-1

[Event "Let's Play!"]
[Site "http://www.queenalice.com/game.php?id=504846"]
[Date "2008.12.8"]
[Round "-"]
[White "Fubangas"]
[Black "therota2"]
[Result "1-0"]
[WhiteElo "1770"]
[BlackElo "1589"]

1. e4 e5 2. Nf3 Nc6 3. Bc4 f6 4. d4 d6 5. O-O Nge7 6. c3 h5 7. Nbd2 f5 8. exf5
Nxf5 9. Qc2 h4 10. Bd3 Nfe7 11. Nc4 Nd5 12. Bg6+ Kd7 13. Qf5+ Ke7 14. Bg5+ Nf6
15. Qe4 Be6 16. d5 Bxd5 17. Qxd5 b5 18. Qf7# 1-0

[Event "Let's Play Chess!"]
[Site "http://www.queenalice.com/game.php?id=508687"]
[Date "2008.12.16"]
[Round "-"]
[White "Fubangas"]
[Black "iane"]
[Result "1-0"]
[WhiteElo "1873"]
[BlackElo "1773"]

1. e4 e5 2. Nf3 Nc6 3. Bc4 Bc5 4. c3 Nf6 5. d4 exd4 6. cxd4 Bb4+ 7. Nc3 O-O 8.
O-O Bxc3 9. bxc3 Nxe4 10. Qd3 d5 11. Re1 Re8 12. Bb5 Bd7 13. Ba3 Na5 14. Bxd7
Qxd7 15. Ne5 Qa4 16. Bc1 f6 17. f3 fxe5 18. fxe4 exd4 19. cxd4 Nc6 20. Bb2 dxe4
21. Rxe4 Rad8 22. Rxe8+ Rxe8 23. d5 Rd8 24. Qg3 Rd7 25. Re1 Qb4 26. dxc6 Rd8 27.
Qxg7# 1-0

[Event "Let's Play Chess!"]
[Site "http://www.queenalice.com/game.php?id=511353"]
[Date "2008.12.23"]
[Round "-"]
[White "jmc_5254"]
[Black "Fubangas"]
[Result "0-1"]
[WhiteElo "1675"]
[BlackElo "2057"]

1. e4 e5 2. Nf3 Nc6 3. Bb5 a6 4. Ba4 Nf6 5. O-O Be7 6. c3 O-O 7. Bc2 d6 8. Re1
Bg4 9. h3 Bh5 10. g4 Bg6 11. Nh4 Bxe4 12. Bxe4 Nxe4 13. Nf5 Ng5 14. Nxe7+ Qxe7
0-1

[Event "Let's Play Chess!"]
[Site "http://www.queenalice.com/game.php?id=514512"]
[Date "2008.12.29"]
[Round "-"]
[White "charles31"]
[Black "Fubangas"]
[Result "0-1"]
[WhiteElo "1718"]
[BlackElo "1968"]

1. e4 e5 2. Nf3 Nc6 3. Bb5 a6 4. Bxc6 dxc6 5. d3 Bg4 6. h3 Bh5 7. a3 Qd6 8. Be3
Nf6 9. Nc3 O-O-O 10. g4 Bg6 11. g5 Nh5 12. h4 Nf4 13. Bxf4 exf4 14. h5 Be7 15.
hxg6 Qxg6 16. Rg1 Rhe8 17. Qd2 Bd6 18. O-O-O Qh5 19. Qe2 Re6 20. Rh1 Qg6 21. Rh4
f6 22. Rg1 fxg5 23. Rxg5 Qf6 24. Rxh7 Bxa3 25. Kb1 g6 26. Qd2 Bb4 27. Qe1 c5 28.
Rh6 Qg7 29. Qh1 Bxc3 30. bxc3 Rb6+ 31. Kc1 Qxc3 32. Nd2 Qa1+ 0-1

[Event "Let's Play Chess!"]
[Site "http://www.queenalice.com/game.php?id=514513"]
[Date "2008.12.29"]
[Round "-"]
[White "Fubangas"]
[Black "charles31"]
[Result "1-0"]
[WhiteElo "1933"]
[BlackElo "1742"]

1. e4 e5 2. Nf3 d6 3. d4 exd4 4. Nxd4 h6 5. Bc4 Nf6 6. O-O Bd7 7. Re1 Be7 8. b3
Nc6 9. Bb2 Nxd4 10. Qxd4 c5 11. Qe3 b5 12. Bd5 Rb8 13. e5 Nxd5 14. Qe4 Nb6 15.
exd6 Nc8 16. dxe7 Nxe7 17. Bxg7 Rg8 18. Bf6 Be6 19. Nc3 b4 20. Rad1 Qb6 21. Bxe7
Kxe7 22. Nd5+ 1-0

[Event "Let's Play Chess!"]
[Site "http://www.queenalice.com/game.php?id=515938"]
[Date "2009.1.4"]
[Round "-"]
[White "Abstro"]
[Black "Fubangas"]
[Result "0-1"]
[WhiteElo "1861"]
[BlackElo "2021"]

1. d4 d5 2. c4 dxc4 3. e4 e5 4. d5 b5 5. Nc3 Nf6 6. Bg5 b4 7. Qa4+ Bd7 8. Nb5 a6
9. Bxc4 Be7 10. Bxf6 Bxf6 11. d6 axb5 12. Qxa8 bxc4 13. dxc7 Qxc7 14. Qd5 O-O
15. Ne2 Be6 16. Qd2 Rd8 17. Qxb4 Nc6 18. Qc3 Nd4 19. Rd1 Qc6 20. O-O Nxe2+ 0-1

[Event "Let's Play Chess!"]
[Site "http://www.queenalice.com/game.php?id=517183"]
[Date "2009.1.4"]
[Round "-"]
[White "Fubangas"]
[Black "MontereyMatt"]
[Result "1-0"]
[WhiteElo "1987"]
[BlackElo "1748"]

1. e4 c6 2. d4 d5 3. Nc3 g6 4. Nf3 Bg7 5. h3 Nh6 6. Bf4 f6 7. exd5 cxd5 8. Nb5
e5 9. dxe5 Qa5+ 10. c3 a6 11. Nd6+ Kd8 12. Bxh6 d4 13. Nxd4 Qxe5+ 14. Be2 Qxd6
15. Bxg7 Re8 16. O-O b5 17. Nc6+ Kc7 18. Qxd6+ 1-0

[Event "Let's Play Chess!"]
[Site "http://www.queenalice.com/game.php?id=517184"]
[Date "2009.1.4"]
[Round "-"]
[White "MontereyMatt"]
[Black "Fubangas"]
[Result "0-1"]
[WhiteElo "1750"]
[BlackElo "2049"]

1. c4 c5 2. Nc3 Nc6 3. g3 g6 4. Bg2 Bg7 5. e3 e5 6. Nf3 Nf6 7. O-O O-O 8. d4
cxd4 9. exd4 d6 10. Nb5 a6 11. Qa4 Bg4 12. Nc3 Qb6 13. Nd5 Nxd5 14. cxd5 Bxf3
15. Bxf3 Nxd4 16. Be3 Nxf3+ 17. Kg2 Nd4 18. Bxd4 Qxd4 19. Qd1 e4 20. Qg4 Qxd5
21. Rad1 Qe5 22. f4 Qxb2+ 23. Rf2 Qb6 24. f5 e3 0-1

[Event "Let's Play Chess!"]
[Site "http://www.queenalice.com/game.php?id=520820"]
[Date "2009.1.12"]
[Round "-"]
[White "Fubangas"]
[Black "CampbellMarcel"]
[Result "1-0"]
[WhiteElo "2043"]
[BlackElo "1720"]

1. e4 d5 2. exd5 Nf6 3. c4 e6 4. dxe6 Bxe6 5. Nf3 Bc5 6. Be2 Nc6 7. O-O O-O 8.
b3 a5 9. Bb2 Re8 10. d4 Ba7 11. d5 Nxd5 12. cxd5 Bxd5 13. Nc3 Ne7 14. Qd3 c6 15.
Ng5 g6 16. Qh3 h5 17. Rfe1 Nf5 18. Bxh5 Qxg5 19. Bg4 Rxe1+ 20. Rxe1 Bxf2+ 21.
Kxf2 Qf4+ 22. Kg1 Rf8 23. Nxd5 1-0

[Event "Let's Play Chess!"]
[Site "http://www.queenalice.com/game.php?id=522053"]
[Date "2009.1.31"]
[Round "-"]
[White "Fubangas"]
[Black "Devilchess"]
[Result "0-1"]
[WhiteElo "2047"]
[BlackElo "1975"]

1. e4 c5 2. Nf3 Nc6 3. d4 cxd4 4. Nxd4 Nf6 5. Nc3 e5 6. Ndb5 d6 7. Bg5 a6 8.
Bxf6 gxf6 9. Na3 b5 10. Nd5 f5 11. f3 Be6 12. c4 fxe4 13. cxb5 Nd4 14. fxe4 Qh4+
15. Kd2 Bh6+ 16. Kd3 Qxe4+ 0-1

[Event "#11"]
[Site "http://www.queenalice.com/game.php?id=522613"]
[Date "2009.1.14"]
[Round "-"]
[White "Fubangas"]
[Black "positionalgenius"]
[Result "1-0"]
[WhiteElo "2076"]
[BlackElo "1864"]

1. e4 c5 2. Nf3 d6 3. Bb5+ Bd7 4. Bxd7+ Qxd7 5. O-O e6 6. c3 Nc6 7. d4 cxd4 8.
cxd4 Nf6 9. Nc3 a6 10. Re1 Be7 11. d5 Na7 12. h3 O-O 13. Qb3 b5 14. Bd2 Rfc8 15.
Rac1 Bf8 16. Ng5 h6 17. dxe6 fxe6 18. Nxe6 Kh7 19. Nxf8+ Rxf8 20. Nd5 Nxd5 21.
Qxd5 Rae8 22. Bb4 Re6 23. e5 Qf7 24. f3 Rfe8 25. Bxd6 Nc8 26. Rc7 Qg6 27. Re4
Nb6 28. Qb7 Nc4 29. Rg4 Qb1+ 30. Kh2 Nxd6 31. Rgxg7+ Kh8 32. Rh7+ 1-0

[Event "Let's Play Chess!"]
[Site "http://www.queenalice.com/game.php?id=526160"]
[Date "2009.1.20"]
[Round "-"]
[White "ulisses34"]
[Black "Fubangas"]
[Result "0-1"]
[WhiteElo "1697"]
[BlackElo "2058"]

1. e4 e5 2. Nf3 Nc6 3. Bb5 a6 4. Bxc6 dxc6 5. Nxe5 Qd4 6. Nd3 Qxe4+ 7. Kf1 Bf5
8. Qe2 O-O-O 9. Qxe4 Bxe4 10. Ne1 Nf6 11. d3 Bd5 12. Bg5 Be7 13. h3 h6 14. Bd2
Rhe8 15. c4 Be6 16. a3 b5 17. b3 Kb7 18. Ba5 Bf5 19. Nc3 Bxd3+ 20. Nxd3 Rxd3 21.
Ke2 Rd7 22. Rhd1 Bb4+ 0-1

[Event "World's Challenge #31"]
[Site "http://www.queenalice.com/game.php?id=529468"]
[Date "2009.1.25"]
[Round "-"]
[White "Aylton"]
[Black "Fubangas"]
[Result "1-0"]
[WhiteElo "1936"]
[BlackElo "2059"]

1. d4 d5 2. Nf3 Nf6 3. e3 Bf5 4. c4 e6 5. Nc3 c6 6. a3 c5 7. dxc5 Bxc5 8. b4 Be7
9. Bb2 O-O 10. cxd5 exd5 11. Be2 Nc6 12. O-O a5 13. b5 Na7 14. a4 Bb4 15. h3 Rc8
16. Rc1 Rc7 17. b6 Rxc3 18. Bxc3 Qxb6 19. Bxf6 Qxf6 20. Qxd5 Nc6 21. Rfd1 Rd8
22. Qb5 Bc8 23. Rxd8+ Qxd8 24. Rd1 Qe7 25. Qd5 Be6 26. Qd3 g6 27. Nd4 Nxd4 28.
Qxd4 Bc5 29. Qd8+ Qxd8 30. Rxd8+ Kg7 31. Bb5 Kf6 32. Kf1 Kf5 33. Ke2 Ke5 34. f4+
Kf5 35. g4+ Kf6 36. Kf3 h5 37. e4 h4 38. e5+ Kg7 39. Ke4 Ba2 40. Rd7 b6 41. Rd2
Bb3 42. f5 g5 43. Bd7 f6 44. e6 Kf8 45. Rb2 Bc4 46. Bb5 Bxb5 47. Rxb5 Ke7 48.
Rxc5 1-0

[Event "World's Challenge #32"]
[Site "http://www.queenalice.com/game.php?id=529469"]
[Date "2009.1.25"]
[Round "-"]
[White "Fubangas"]
[Black "Aylton"]
[Result "1-0"]
[WhiteElo "2061"]
[BlackElo "1909"]

1. e4 e5 2. Nf3 Nc6 3. Bc4 Bc5 4. c3 d6 5. d4 exd4 6. cxd4 Bb4+ 7. Nc3 Nf6 8.
O-O h6 9. Qb3 O-O 10. d5 Bxc3 11. dxc6 Bxb2 12. Bxb2 bxc6 13. Rfe1 Bd7 14. e5
Ne8 15. Rad1 d5 16. Bf1 a5 17. Qc3 Kh8 18. Nd4 1-0

[Event "Let's Play Chess!"]
[Site "http://www.queenalice.com/game.php?id=532764"]
[Date "2009.1.31"]
[Round "-"]
[White "Nille"]
[Black "Fubangas"]
[Result "0-1"]
[WhiteElo "1941"]
[BlackElo "2032"]

1. e4 e5 2. Nf3 Nc6 3. Bc4 Bc5 4. d3 Nf6 5. Nc3 d6 6. h3 O-O 7. O-O Be6 8. Bxe6
fxe6 9. Bg5 d5 10. exd5 exd5 11. Re1 Qd6 12. Qe2 Rae8 13. Bxf6 Rxf6 14. Nb5 Qd7
15. d4 a6 16. Nxc7 Qxc7 17. dxc5 e4 18. Rad1 Ref8 19. Nd4 Rxf2 20. Qg4 Nxd4 21.
Rxd4 Qxc5 22. Qe6+ Kh8 23. Qxd5 Qxc2 24. Qxe4 Qxb2 25. Rd8 Rxd8 26. Qe8+ Rf8 0-1

[Event "Let's Play Chess!"]
[Site "http://www.queenalice.com/game.php?id=538031"]
[Date "2009.2.10"]
[Round "-"]
[White "Fubangas"]
[Black "Pravitel"]
[Result "0-1"]
[WhiteElo "2047"]
[BlackElo "2053"]

1. e4 c6 2. Nf3 d5 3. exd5 cxd5 4. d4 Nf6 5. Be2 Nc6 6. O-O e6 7. Bg5 Be7 8. Nc3
O-O 9. Re1 h6 10. Bc1 Ne4 11. Nxe4 dxe4 12. Ne5 Nxd4 13. Bh5 Qd5 14. Bxf7+ Rxf7
15. Nxf7 Kxf7 16. c3 Nc6 17. Qe2 Ne5 18. Bf4 Nd3 19. Qxe4 Nxe1 20. Qxe1 Bd7 21.
Rd1 Qc6 22. Qe5 Rd8 23. Rd4 Bf6 24. Qh5+ g6 25. Qxh6 Rh8 0-1

[Event "Let's Play Chess!"]
[Site "http://www.queenalice.com/game.php?id=538552"]
[Date "2009.2.12"]
[Round "-"]
[White "Fubangas"]
[Black "BboyH"]
[Result "1-0"]
[WhiteElo "2035"]
[BlackElo "1910"]

1. e4 Nc6 2. d4 e6 3. Nf3 d5 4. Nc3 dxe4 5. Nxe4 Nf6 6. Bg5 Be7 7. Ng3 a6 8. Qd2
Bb4 9. c3 Bd6 10. O-O-O h6 11. Be3 O-O 12. Bd3 e5 13. Bxh6 gxh6 14. Qxh6 Ne7 15.
Nh5 Nf5 16. Nxf6+ 1-0

[Event "Let's Play Chess!"]
[Site "http://www.queenalice.com/game.php?id=540017"]
[Date "2009.2.14"]
[Round "-"]
[White "Fubangas"]
[Black "Bruuno"]
[Result "1-0"]
[WhiteElo "2031"]
[BlackElo "1594"]

1. e4 e5 2. Nf3 Nc6 3. Bc4 Nf6 4. O-O g6 5. d4 exd4 6. Nxd4 Nxd4 7. Qxd4 Bg7 8.
e5 Nh5 9. Nc3 d6 10. f4 Qh4 11. Nd5 O-O 12. Nxc7 Rb8 13. Qxd6 Bf5 14. b3 Rfd8
15. Qb4 Bh6 16. g3 Qh3 17. Qe1 Qg4 18. Nd5 b5 19. Ne7+ Kf8 20. Nxf5 Bxf4 21.
Bxf4 Nxf4 22. Rxf4 Qh3 23. Nd6 bxc4 24. Rxf7+ Kg8 25. Qa5 cxb3 26. Qxa7 1-0

[Event "Xadrez 7"]
[Site "http://www.queenalice.com/game.php?id=542444"]
[Date "2009.2.18"]
[Round "-"]
[White "Fubangas"]
[Black "ricma"]
[Result "0-1"]
[WhiteElo "2003"]
[BlackElo "2049"]

1. e4 e6 2. d4 d5 3. Nc3 Nf6 4. Bg5 dxe4 5. Nxe4 Be7 6. Bxf6 Bxf6 7. Nf3 O-O 8.
Qd2 Nd7 9. O-O-O b6 10. Bd3 Bb7 11. Rhe1 c5 12. c3 cxd4 13. Qc2 h6 14. Nxd4 Bxd4
15. cxd4 Rc8 16. Nc3 Nf6 17. Re3 Nd5 18. Bh7+ Kh8 19. Rg3 Qd6 20. Kb1 a5 21. Be4
Nb4 22. Qe2 Bxe4+ 23. Nxe4 Qd5 24. Nc3 Qf5+ 25. Ne4 Rc2 26. Qg4 Qxg4 27. Rxg4
Rfc8 28. a3 f5 29. Nd6 fxg4 30. Nxc8 Rxc8 31. axb4 a4 32. Rc1 Rxc1+ 33. Kxc1 Kg8
34. Kd2 Kf7 35. Kd3 b5 36. Ke4 Kf6 37. d5 e5 38. d6 Ke6 39. d7 Kxd7 40. Kxe5 Kc6
0-1

[Event "Let's Play Chess!"]
[Site "http://www.queenalice.com/game.php?id=559542"]
[Date "2009.3.21"]
[Round "-"]
[White "Fubangas"]
[Black "charles31"]
[Result "0-1"]
[WhiteElo "2031"]
[BlackElo "1719"]

1. e4 e5 2. Nf3 d6 3. d4 exd4 4. Nxd4 Nf6 5. Nc3 Bg4 6. f3 Bh5 7. Bg5 h6 8. Bh4
Be7 9. Bc4 Qd7 10. O-O Nc6 11. Nf5 O-O-O 12. Nd5 Nxd5 13. Nxe7+ Ndxe7 0-1